Az egységes alapu [!alapú] középiskola modellje

Elmentve itt :
Bibliográfiai részletek
Szerző: Komlóssy Ákos
Dokumentumtípus: Cikk
Megjelent: 1983
Sorozat:Acta Universitatis Szegediensis de Attila József nominatae : sectio paedagogica et psychologica 25
Kulcsszavak:Neveléstudomány
Online Access:http://acta.bibl.u-szeged.hu/2208
LEADER 00678nab a2200181 i 4500
001 acta2208
005 20210608120257.0
008 161015s1983 hu o 0|| hun d
022 |a 0324-7260 
040 |a SZTE Egyetemi Kiadványok Repozitórium  |b hun 
041 |a hun 
100 1 |a Komlóssy Ákos 
245 1 3 |a Az egységes alapu [!alapú] középiskola modellje  |h [elektronikus dokumentum] /  |c  Komlóssy Ákos 
260 |c 1983 
300 |a 23-39 
490 0 |a Acta Universitatis Szegediensis de Attila József nominatae : sectio paedagogica et psychologica  |v 25 
695 |a Neveléstudomány 
856 4 0 |u http://acta.bibl.u-szeged.hu/2208/1/paed_psych_025_023-039.pdf  |z Dokumentum-elérés